| 000 | 02404cam a2200241 a 4500 | ||
|---|---|---|---|
| 999 |
_c6298 _d6298 |
||
| 020 | _a9780749457143 | ||
| 050 | 0 | 0 |
_aHF5415.7 _b.H66 |
| 100 | 1 | _aRushton, Alan. | |
| 245 | 1 | 4 |
_aThe handbook of logistics & distribution management / _cedited by Alan Rushton, Phil Croucher, Peter Baker. |
| 250 | _a4th ed. | ||
| 260 |
_aLondon ; _aPhiladelphia : _bKogan Page, _c2010. |
||
| 300 |
_axxvii, 635 p. : _bill., maps ; _c24 cm. |
||
| 500 | _a"Chartered Institute of Logistics and Transport, UK." | ||
| 505 | _aPart 1: Concepts of logistics and distribution -- Introduction to logistics and distribution -- Integrated logistics and the supply chain -- Customer service and logistics -- Channels of distribution -- Key issues and challenges for logistics -- Part 2: Planning for logistics -- Planning framework for logistics -- Logistics processes -- Supply n -- Logistics network planning -- Logistics management and organization -- Manufacturing and materials management -- Part 3: Procurement and inventory decisions -- Basic inventory planning and management -- Inventory and the supply chain -- Purchasing and supply -- Part 4: Warehousing and storage -- Principles of warehousing -- Storage and handling systems (palletized) -- Storage and handling systems (non-palletized) -- Order picking and replenishment -- Receiving and dispatch -- Warehouse design -- Warehouse management and information -- Part 5: Freight transport -- International logistics: modal choice -- Maritime transport -- Air transport -- Rail and intermodal transport -- Road freight transport: vehicle selection -- Road freight transport: vehicle costing -- Road freight transport: legislation -- Road freight transport: planning and resourcing -- Part 6: Operational management -- Cost and performance monitoring -- Benchmarking -- Information and communication technology in the supply chain -- Outsourcing : services and decision criteria -- Outsourcing: the selection process -- Outsourcing management -- Security and safety in distribution -- Logistics and the environment. | ||
| 650 | 0 |
_aPhysical distribution of goods _xManagement |
|
| 650 | 0 | 7 | _aDistribution <Physische Distribution> |
| 650 | 0 | 7 | _aLogistik. |
| 700 | 1 | _aRushton, Alan. | |
| 700 | 1 | _aCroucher, Phil, | |
| 700 | 1 | _aBaker, Peter, | |
| 710 | 2 | _aChartered Institute of Logistics and Transport in the UK. | |
| 942 | _cBK | ||